<?xml version="1.0" encoding="UTF-8"?>
<marc:record xmlns:marc="http://www.loc.gov/MARC21/slim">
   <marc:leader>00000nam a2200000 a 4500</marc:leader>
   <marc:datafield ind1="1" ind2=" " tag="100">
      <marc:subfield code="a">Kränzle, Peter</marc:subfield>
      <marc:subfield code="4">aut</marc:subfield>
      <marc:subfield code="e">Verfasser/-in</marc:subfield>
   </marc:datafield>
   <marc:datafield ind1="1" ind2=" " tag="100">
      <marc:subfield code="a">Brinke, Margit</marc:subfield>
      <marc:subfield code="4">aut</marc:subfield>
      <marc:subfield code="e">Verfasser/-in</marc:subfield>
   </marc:datafield>
   <marc:datafield ind1=" " ind2=" " tag="653">
      <marc:subfield code="a">Stadtführer</marc:subfield>
   </marc:datafield>
   <marc:datafield ind1=" " ind2=" " tag="653">
      <marc:subfield code="a">Genève</marc:subfield>
   </marc:datafield>
   <marc:datafield ind1=" " ind2=" " tag="653">
      <marc:subfield code="a">Schweiz</marc:subfield>
   </marc:datafield>
   <marc:datafield ind1=" " ind2=" " tag="653">
      <marc:subfield code="a">Französische Schweiz</marc:subfield>
   </marc:datafield>
   <marc:datafield ind1=" " ind2=" " tag="653">
      <marc:subfield code="a">Genfer See</marc:subfield>
   </marc:datafield>
   <marc:datafield ind1=" " ind2=" " tag="653">
      <marc:subfield code="a">UNO</marc:subfield>
   </marc:datafield>
   <marc:datafield ind1=" " ind2=" " tag="653">
      <marc:subfield code="a">Stadtplan</marc:subfield>
   </marc:datafield>
   <marc:datafield ind1=" " ind2=" " tag="653">
      <marc:subfield code="a">App</marc:subfield>
   </marc:datafield>
   <marc:datafield ind1=" " ind2=" " tag="653">
      <marc:subfield code="a">2023</marc:subfield>
   </marc:datafield>
   <marc:datafield ind1=" " ind2=" " tag="653">
      <marc:subfield code="a">Individualreisende</marc:subfield>
   </marc:datafield>
   <marc:datafield ind1=" " ind2=" " tag="653">
      <marc:subfield code="a">Softcover / Reisen/Reiseführer/Europa</marc:subfield>
   </marc:datafield>
   <marc:datafield ind1="0" ind2="0" tag="245">
      <marc:subfield code="a">Reise Know-How CityTrip Genf</marc:subfield>
   </marc:datafield>
   <marc:datafield ind1="0" ind2="0" tag="245">
      <marc:subfield code="b">Reiseführer mit Stadtplan und kostenloser Web-App</marc:subfield>
   </marc:datafield>
   <marc:datafield ind1="0" ind2="0" tag="245">
      <marc:subfield code="c">Peter Kränzle, Margit Brinke</marc:subfield>
   </marc:datafield>
   <marc:datafield ind1=" " ind2="1" tag="264">
      <marc:subfield code="a">Bielefeld</marc:subfield>
      <marc:subfield code="b">Reise Know-How</marc:subfield>
      <marc:subfield code="c">2022</marc:subfield>
   </marc:datafield>
   <marc:datafield ind1="1" ind2=" " tag="490">
      <marc:subfield code="a">CityTrip</marc:subfield>
   </marc:datafield>
   <marc:datafield ind1=" " ind2=" " tag="250">
      <marc:subfield code="a">7., neu bearbeitete und aktualisierte Auflage</marc:subfield>
   </marc:datafield>
   <marc:datafield ind1="1" ind2=" " tag="520">
      <marc:subfield code="a">Angaben aus der Verlagsmeldung

Reise Know-How CityTrip Genf : Reiseführer mit Stadtplan und kostenloser Web-App / von Peter Kränzle, Margit Brinke

Dieser aktuelle Stadtführer ist der ideale Begleiter, um alle Seiten der Kantonshauptstadt und „kleinsten Weltmetropole“ selbstständig zu entdecken:
- Die wichtigsten Sehenswürdigkeiten und Museen der Stadt sowie weniger bekannte Attraktionen und Viertel ausführlich vorgestellt und bewertet
- Faszinierende Architektur: Mittelalter, Jugendstil und moderne Museumsarchitektur
- Abwechslungsreicher Stadtspaziergang
- Erlebnisvorschläge für einen Kurztrip
- Ausflüge nach Carouge und in die Zone Internationale
- Shoppingtipps von der Chocolaterie bis zum Bio-Wochenmarkt
- Die besten Lokale der Stadt und allerlei Wissenswertes über die französische und Schweizer Küche
- Tipps für die Abend- und Nachtgestaltung: von den Seepromenaden über das angesagte Studentenviertel Plainpalais bis zu eleganten Clubs und Lounges
- Von den Römern eingeführt und einer jungen Winzergeneration neu belebt: Genfer Weinkultur
- Genf zum Durchatmen: rund 50 Parkanlagen und die Promenaden entlang der Seeufer
- Ausgewählte Unterkünfte von preiswert bis ausgefallen
- Alle praktischen Infos zu Anreise, Preisen, Stadtverkehr, Touren, Events, Hilfe im Notfall ...
- Hintergrundartikel mit Tiefgang: Geschichte, Mentalität der Bewohner, Leben in der Stadt ...
- Kleine Sprachhilfe Französisch mit den wichtigsten Vokabeln für den Reisealltag
- Faltplan zum Herausnehmen

Dazu: kostenlose Web-App für Smartphone, Tablet und PC mit Stadtplan- und Satellitenansichten passend zum Text, Routenführung zu allen beschriebenen Sehenswürdigkeiten, Verlauf des Stadtspaziergangs, seitenbezogenen Updates nach Redaktionsschluss sowie einem Mini-Audiotrainer Französisch

++++ CityTrip - die aktuellen Stadtführer von Reise Know-How, mit über 160 Städtezielen die weltweit umfangreichste Kollektion. Fundiert, übersichtlich, praktisch.

REISE KNOW-HOW - Reiseführer für individuelle Reisen
</marc:subfield>
   </marc:datafield>
   <marc:datafield ind1=" " ind2=" " tag="020">
      <marc:subfield code="a">9783831736102</marc:subfield>
      <marc:subfield code="9">9783831736102</marc:subfield>
   </marc:datafield>
   <marc:datafield ind1=" " ind2=" " tag="020">
      <marc:subfield code="a">3831736103</marc:subfield>
      <marc:subfield code="9">3831736103</marc:subfield>
   </marc:datafield>
   <marc:datafield ind1=" " ind2=" " tag="041">
      <marc:subfield code="a">ger</marc:subfield>
   </marc:datafield>
   <marc:datafield ind1=" " ind2=" " tag="300">
      <marc:subfield code="a">144 Seiten</marc:subfield>
   </marc:datafield>
</marc:record>
